书目信息 |
| 题名: |
日语常用语辞典
|
|
| 作者: | 马渊和夫 , 梅津彰人 著 | |
| 分册: | ||
| 出版信息: | 北京 北京科学技术出版社 1986 |
|
| 页数: | 1222页 | |
| 开本: | 19cm | |
| 丛书名: | ||
| 单 册: | ||
| 中图分类: | H366 | |
| 科图分类: | ||
| 主题词: | 日语--词典 | |
| 电子资源: | ||
| ISBN: | ||
| 000 | 00675nam0 2200229 45 | |
| 001 | 0186006705 | |
| 005 | 20050425152628.2 | |
| 010 | @dCNY8.95@b精装 | |
| 100 | @a19951101d1986 em y0chiy0121 ea | |
| 101 | 0 | @ajpn |
| 102 | @aCN@b110000 | |
| 105 | @ay z 000yy | |
| 200 | 10 | @a日语常用语辞典@Ari yu chang yong yu ci dian@f(日)马渊和夫,(日)梅津彰人著@F(Ri)Ma Yuan He Fu,(Ri)Mei Jin Zhang Ren Zhu |
| 210 | @a北京@c北京科学技术出版社@d1986 | |
| 215 | @a1222页@d19cm | |
| 606 | @a日语@x词典 | |
| 690 | @aH366@v3 | |
| 701 | 0 | @a马渊和夫@4著 |
| 701 | 0 | @a梅津彰人@4著 |
| 801 | 0 | @aCN@b深圳图书馆@c20050425 |
| 801 | 2 | @aCN@bNLC@c20050425 |
| 905 | @f2@b165882-883@dH366@e153 | |
| 日语常用语辞典/(日)马渊和夫,(日)梅津彰人著.-北京:北京科学技术出版社,1986 |
| 1222页;19cm |
| ISBN (精装):CNY8.95 |
| ● |
| 相关链接 |
|
|
|
|
正题名:日语常用语辞典
索取号:H366/153
 
预约/预借
| 序号 | 登录号 | 条形码 | 馆藏地/架位号 | 状态 | 备注 |
| 1 | 0165883 | 001153272 | 工具书阅览室/ [索取号:H366/153] | 在馆 | |
| 2 | 0171832 | 001153110 | 密集书库/ [索取号:H366/153] | 在馆 | |
| 3 | 0171833 | 001153129 | 第二样本阅览室/ [索取号:H366/153] | 在馆 |